[Event "I Festival Capo d'Orso"]
[Site "Portomannu - Palau ITA"]
[Date "2007.05.23"]
[Round "6"]
[White "Radice, Luca"]
[Black "Burlando, Alessandro"]
[Result "0-1"]
[WhiteElo "2070"]
[BlackElo "2115"]
[PlyCount "236"]
[EventDate "2007.05.19"]

1. d4 Nf6 2. c4 g6 3. Nc3 Bg7 4. e4 d6 5. f4 O-O 6. Nf3 c5 7. d5 e6 8. Be2 exd5
9. cxd5 Re8 10. e5 dxe5 11. fxe5 Ng4 12. Bg5 Qb6 13. Qd2 Nxe5 14. Nxe5 Bxe5 15.
O-O Bf5 16. Rad1 Nd7 17. d6 Bd4+ 18. Kh1 Qxd6 19. Nb5 Qe5 20. Nxd4 cxd4 21. Bc4
Nc5 22. Qxd4 Qxd4 23. Rxd4 Ne6 24. Bxe6 Bxe6 25. Bf6 Bxa2 26. h3 a5 27. Rh4 Ra6
28. Bc3 Bb3 29. Rff4 f5 30. Rd4 Be6 31. Ra4 Bd5 32. Rad4 Bc6 33. Kg1 b5 34. g4
b4 35. Bd2 fxg4 36. Rhxg4 Ra7 37. Rg5 Bd7 38. h4 Bf5 39. Rd5 Kf7 40. h5 Re2 41.
hxg6+ hxg6 42. Rg3 Rd7 43. Rxd7+ Bxd7 44. Rd3 Bf5 45. Rd4 Ke6 46. Kf1 Re5 47.
Rh4 Kd5 48. Kf2 Kc5 49. Be3+ Kb5 50. Bd4 Re8 51. Rf4 Ka4 52. Rf3 Re4 53. Bg7
Kb5 54. Re3 Rh4 55. Bf6 Rh7 56. Ke1 a4 57. Kd2 Kc4 58. Kc1 Rh1+ 59. Kd2 Rh2+
60. Re2 Rh7 61. Re3 Rd7+ 62. Kc1 Rd5 63. Rf3 Be4 64. Re3 Bf5 65. Rf3 Rd6 66.
Be7 Re6 67. Rf4+ Be4 68. Bf8 Re8 69. Bd6 b3 70. Rg4 Kd5 71. Bb4 Ke5 72. Kd2 Kf5
73. Rg3 g5 74. Kc3 Rc8+ 75. Kd4 g4 76. Re3 Rd8+ 77. Kc4 Kf4 78. Re1 g3 79. Bc5
g2 80. Kb4 Bc2 81. Kxa4 Rd1 82. Re8 g1=Q 83. Rf8+ Ke5 84. Bxg1 Rxg1 85. Kb4 Rg3
86. Re8+ Kd4 87. Rd8+ Ke3 88. Re8+ Kd2 89. Rd8+ Kc1 90. Ka3 Rg7 91. Ra8 Rc7 92.
Ra5 Kd2 93. Rd5+ Kc1 94. Ra5 Rb7 95. Ra8 Bd1 96. Rc8+ Bc2 97. Ra8 Kd2 98. Rd8+
Ke3 99. Re8+ Kd4 100. Ra8 Kc5 101. Ra4 Rh7 102. Ra5+ Kc4 103. Ra4+ Kd3 104. Ra8
Rd7 105. Ra6 Kd2 106. Ra4 Kc1 107. Ra8 Kb1 108. Ra5 Bd1 109. Ra4 Rd2 110. Rd4
Kc1 111. Rc4+ Bc2 112. Rd4 Rd1 113. Ra4 Kd2 114. Rd4+ Ke3 115. Rh4 Ra1+ 116.
Kb4 Kd2 117. Rh2+ Kc1 118. Rh1+ Kxb2 0-1

[Event "I Festival Capo d'Orso"]
[Site "Portomannu - Palau ITA"]
[Date "2007.05.23"]
[Round "6"]
[White "Scotta, Piergiorgio"]
[Black "Brugo, Marco"]
[Result "1/2-1/2"]
[WhiteElo "1613"]
[BlackElo "2125"]
[PlyCount "68"]
[EventDate "2007.05.19"]

1. c4 f5 2. Nc3 Nf6 3. g3 e6 4. Bg2 Be7 5. Nf3 O-O 6. O-O d6 7. d3 Nc6 8. a3
Qe8 9. Bg5 h6 10. Bxf6 Bxf6 11. e3 e5 12. Nd5 Bd8 13. b4 Ne7 14. Nxe7+ Bxe7 15.
b5 g5 16. Ne1 e4 17. dxe4 Bf6 18. Rb1 fxe4 19. Qd5+ Be6 20. Qxe4 Qf7 21. Qxe6
Qxe6 22. Bd5 Rae8 23. a4 Qxd5 24. cxd5 Re5 25. Rc1 Rf7 26. Rc4 Rxd5 27. Ng2 Rc5
28. Rfc1 Rd7 29. h4 b6 30. hxg5 hxg5 31. Ne1 Bb2 32. R1c2 Ba3 33. Nf3 g4 34.
Nh2 Rg7 1/2-1/2

[Event "I Festival Capo d'Orso"]
[Site "Portomannu - Palau ITA"]
[Date "2007.05.23"]
[Round "6"]
[White "Steingrimsson, Hedinn"]
[Black "Marin, Irina Luiza"]
[Result "1-0"]
[WhiteElo "2482"]
[BlackElo "2166"]
[PlyCount "81"]
[EventDate "2007.05.19"]

1. d4 Nf6 2. c4 c5 3. Nf3 g6 4. Nc3 cxd4 5. Nxd4 Bg7 6. e4 d6 7. Be2 O-O 8. O-O
Nc6 9. Be3 Bd7 10. Qd2 Nxd4 11. Bxd4 Bc6 12. f3 a5 13. b3 Nd7 14. Be3 Nc5 15.
Rab1 Qb6 16. Rfc1 f5 17. exf5 gxf5 18. Kh1 Qb4 19. Qb2 f4 20. Bf2 Qb6 21. Qc2
Qd8 22. Bd3 h6 23. Rd1 Kh8 24. Bf5 b6 25. Nd5 Rxf5 26. Bxc5 e6 27. Bxb6 Qb8 28.
Bd4 Bxd4 29. Rxd4 Ra7 30. Rxf4 Rg5 31. Ne3 Qg8 32. Rd1 Rh5 33. Rg4 Qf8 34. Qg6
Be8 35. Qe4 Re5 36. Qd4 Rg7 37. f4 Bh5 38. fxe5 Bxg4 39. Nxg4 Qf5 40. exd6 Qxg4
41. Qxg4 1-0

[Event "I Festival Capo d'Orso"]
[Site "Portomannu - Palau ITA"]
[Date "2007.05.23"]
[Round "6"]
[White "Trifoni, Giorgio"]
[Black "Ori, Marco"]
[Result "0-1"]
[WhiteElo "1661"]
[BlackElo "2129"]
[PlyCount "98"]
[EventDate "2007.05.19"]

1. Nf3 Nf6 2. d3 g6 3. e4 d6 4. g3 b6 5. Nbd2 Bg7 6. Bg2 Bb7 7. O-O O-O 8. Re1
Nbd7 9. d4 c5 10. c3 cxd4 11. cxd4 Qc7 12. b3 Rac8 13. Bb2 Qc2 14. Rb1 Qxd1 15.
Rexd1 Nxe4 16. Nxe4 Bxe4 17. Rbc1 Bh6 18. Rc3 Rxc3 19. Bxc3 Rc8 20. Bd2 Bg7 21.
Re1 d5 22. Be3 Rc2 23. Ra1 Rc3 24. Nd2 Bxg2 25. Kxg2 Rc2 26. Nf3 Kf8 27. Ne1
Rc3 28. b4 Rc4 29. Nf3 Rxb4 30. a4 a6 31. Rc1 Rc4 32. Ra1 Ke8 33. h4 Nc5 34.
Ra2 Nxa4 35. Nd2 Rb4 36. Rc2 Kd7 37. Nf3 Rc4 38. Ra2 b5 39. Kf1 Rc6 40. Ke1 Nc3
41. Rb2 a5 42. Bh6 Bxh6 43. Ne5+ Kc7 44. Nxf7 Bg7 45. Ng5 h6 46. Nf3 a4 47. Kd2
a3 48. Rb3 a2 49. Ra3 b4 0-1

[Event "I Festival Capo d'Orso"]
[Site "Portomannu - Palau ITA"]
[Date "2007.05.23"]
[Round "6"]
[White "Virzi, Ettore"]
[Black "Seger, Ruediger"]
[Result "0-1"]
[WhiteElo "1945"]
[BlackElo "2399"]
[PlyCount "50"]
[EventDate "2007.05.19"]

1. e4 c6 2. c4 d5 3. exd5 cxd5 4. cxd5 Nf6 5. Nc3 Nxd5 6. Nf3 Nc6 7. Bc4 Nxc3
8. bxc3 e6 9. d4 Be7 10. O-O O-O 11. Qe2 b6 12. h4 Bb7 13. Bd3 g6 14. Ng5 Bf6
15. Re1 Rc8 16. Be3 Ne7 17. c4 Nf5 18. Qg4 h5 19. Qf4 e5 20. dxe5 Bxg5 21. Qxg5
Qxd3 22. Rad1 Qxc4 23. Rd7 Bd5 24. Rc1 Qe4 25. f3 Qxe5 0-1

[Event "I Festival Capo d'Orso"]
[Site "Portomannu - Palau ITA"]
[Date "2007.05.24"]
[Round "7"]
[White "Agrifoglio, Fabio"]
[Black "Adrian, Claude"]
[Result "0-1"]
[WhiteElo "2000"]
[BlackElo "2280"]
[PlyCount "78"]
[EventDate "2007.05.19"]

1. d4 c5 2. d5 e6 3. e4 exd5 4. exd5 d6 5. c4 Nf6 6. Bd3 Be7 7. Nf3 O-O 8. h3
Na6 9. Nc3 Nc7 10. a4 b6 11. O-O a6 12. Bf4 Rb8 13. Re1 Bd7 14. Qc2 Re8 15. Bh2
b5 16. axb5 axb5 17. b3 h6 18. Nd2 Bf8 19. Nde4 bxc4 20. bxc4 Nxe4 21. Nxe4 Rb6
22. Reb1 Na6 23. Rxb6 Qxb6 24. Qd2 Nb4 25. Rb1 Qa6 26. Bf4 Qa3 27. Nc3 g5 28.
Bxg5 Nxd3 29. Qxd3 hxg5 30. Qd2 Bg7 31. Rc1 Kf8 32. h4 gxh4 33. Nb1 Qb2 34. Qf4
Qf6 35. Qh2 Bh6 36. Rf1 Re2 37. Nc3 Bf4 38. Qh1 Qxc3 39. Qxh4 Qe5 0-1

[Event "I Festival Capo d'Orso"]
[Site "Portomannu - Palau ITA"]
[Date "2007.05.24"]
[Round "7"]
[White "Burlando, Alessandro"]
[Black "Grooten, Herman"]
[Result "0-1"]
[WhiteElo "2115"]
[BlackElo "2392"]
[PlyCount "80"]
[EventDate "2007.05.19"]

1. d4 Nf6 2. c4 e6 3. Nf3 b6 4. a3 Ba6 5. Qc2 Bb7 6. Nc3 c5 7. e4 cxd4 8. Nxd4
Nc6 9. Nxc6 Bxc6 10. Be2 Qb8 11. Be3 Bc5 12. Bxc5 bxc5 13. O-O Qe5 14. Rad1 g5
15. f3 Rb8 16. Rd2 h5 17. Nb5 a6 18. Qc3 Qxc3 19. Nxc3 h4 20. Bd1 Ke7 21. Ba4
Bxa4 22. Nxa4 Rhc8 23. Rfd1 Rc7 24. Rd6 Nd5 25. Rxa6 Ne3 26. Rc1 f5 27. Kf2 f4
28. Ra5 d6 29. Rb5 Rcb7 30. Rxb7+ Rxb7 31. g3 Kf6 32. Ke2 Ke5 33. Kd3 Rb3+ 34.
Rc3 Rxc3+ 35. Nxc3 fxg3 36. h3 Kf4 37. Ke2 Nxc4 38. Nd1 Ne5 39. Ne3 Nxf3 40. a4
Kxe4 0-1

[Event "I Festival Capo d'Orso"]
[Site "Portomannu - Palau ITA"]
[Date "2007.05.24"]
[Round "7"]
[White "Busquets, Luis"]
[Black "Marani, Luca"]
[Result "1-0"]
[WhiteElo "2236"]
[BlackElo "1536"]
[PlyCount "47"]
[EventDate "2007.05.19"]

1. e4 e5 2. Nf3 d6 3. d4 exd4 4. Nxd4 Nf6 5. Nc3 Be7 6. Bf4 O-O 7. Qd2 Nc6 8.
O-O-O Nd7 9. Nf5 Bf6 10. Nd5 Nde5 11. Nxf6+ Qxf6 12. Bg5 Qe6 13. Kb1 Ng6 14. f3
Nce7 15. g4 Rd8 16. Qd4 f6 17. Bc4 d5 18. exd5 Nxf5 19. dxe6 Nxd4 20. e7+ Be6
21. exd8=Q+ Rxd8 22. Rxd4 Rxd4 23. Bxe6+ Kf8 24. Be3 1-0

[Event "I Festival Capo d'Orso"]
[Site "Portomannu - Palau ITA"]
[Date "2007.05.24"]
[Round "7"]
[White "Calabrese, Antonino"]
[Black "Cocchi, Andrea"]
[Result "0-1"]
[WhiteElo "1930"]
[BlackElo "2321"]
[PlyCount "66"]
[EventDate "2007.05.19"]

1. e4 g6 2. Nf3 Bg7 3. d3 c5 4. g3 Nc6 5. c3 e5 6. Bg2 Nge7 7. O-O O-O 8. Re1
d6 9. Nbd2 h6 10. Nf1 Be6 11. c4 f5 12. Ne3 f4 13. Nf1 g5 14. h3 Qd7 15. g4 Kf7
16. N1d2 Bf6 17. Nh2 Rh8 18. f3 Rab8 19. Kf2 a6 20. b3 Ng6 21. Rh1 Bd8 22. Bb2
Ba5 23. Bf1 Rh7 24. a3 Kf6 25. Nb1 Nd4 26. Bxd4 exd4 27. Nd2 Ne5 28. Qe2 b5 29.
Rb1 Bc3 30. Qd1 Qc6 31. Ke2 Rhb7 32. Qc2 bxc4 33. dxc4 d3+ 0-1

[Event "I Festival Capo d'Orso"]
[Site "Portomannu - Palau ITA"]
[Date "2007.05.24"]
[Round "7"]
[White "Dehmel, Jens"]
[Black "Pedroni, Marco"]
[Result "1-0"]
[WhiteElo "2107"]
[BlackElo "1530"]
[PlyCount "80"]
[EventDate "2007.05.19"]

1. e4 e6 2. d4 d5 3. Nc3 Bb4 4. exd5 exd5 5. Qf3 h6 6. Bd3 Nf6 7. Nge2 Bg4 8.
Qg3 Qd7 9. f3 Bd6 10. Bf4 Bxf4 11. Nxf4 Qe7+ 12. Kd2 Be6 13. Rhe1 Kd7 14. Nfxd5
Nxd5 15. Nxd5 Qg5+ 16. Qxg5 hxg5 17. Nc3 f6 18. h3 Bf7 19. Ne4 b6 20. c4 Nc6
21. Kc3 Rad8 22. Bc2 Kc8 23. Red1 Rh4 24. Re1 Bg6 25. b4 Bf7 26. b5 Na5 27. Bb3
Nxb3 28. axb3 Re8 29. Ng3 Rhh8 30. Nf5 g6 31. Ng3 Kd7 32. Ne4 Re6 33. d5 Rxe4
34. Rxe4 f5 35. Rd4 Re8 36. Kd2 Kd6 37. Re1 Rd8 38. Kc3 Be8 39. Rd2 Bd7 40. Kd4
g4 1-0

[Event "I Festival Capo d'Orso"]
[Site "Portomannu - Palau ITA"]
[Date "2007.05.24"]
[Round "7"]
[White "Di Paolo, Raffaele"]
[Black "Milanesi, Erminio"]
[Result "1-0"]
[WhiteElo "2341"]
[BlackElo "1857"]
[PlyCount "55"]
[EventDate "2007.05.19"]

1. e4 g6 2. d4 Nh6 3. Nc3 c6 4. Bf4 f6 5. Qd2 Nf7 6. h4 e6 7. O-O-O b5 8. e5 a5
9. exf6 Qxf6 10. Ne4 Qg7 11. h5 Be7 12. h6 Qf8 13. Nf3 d5 14. Neg5 Nxg5 15.
Bxg5 Nd7 16. Re1 Nf6 17. Bd3 Kd7 18. Ne5+ Kc7 19. Bxb5 Ne4 20. Bxe7 Qxe7 21.
Rxe4 dxe4 22. Nxc6 Qd6 23. Rh3 Rf8 24. Ne5 Bb7 25. Rc3+ Kd8 26. Qg5+ Qe7 27.
Qxe7+ Kxe7 28. Rc7+ 1-0

[Event "I Festival Capo d'Orso"]
[Site "Portomannu - Palau ITA"]
[Date "2007.05.24"]
[Round "7"]
[White "Fierro Baquero, Martha Lorena"]
[Black "Locci, Damiano"]
[Result "1-0"]
[WhiteElo "2339"]
[BlackElo "2008"]
[PlyCount "57"]
[EventDate "2007.05.19"]

1. e4 e6 2. Nf3 d5 3. Nc3 h6 4. d4 Nf6 5. e5 Ne4 6. Bd3 Nxc3 7. bxc3 c5 8. O-O
c4 9. Be2 Nc6 10. a4 Qa5 11. Qd2 Bd7 12. Ba3 Bxa3 13. Rxa3 Ne7 14. Qf4 Bxa4 15.
Nd2 b5 16. Bh5 Rf8 17. Qg3 Nf5 18. Qh3 Kd7 19. Bg4 Ne7 20. Nb3 cxb3 21. cxb3
Rac8 22. bxa4 b4 23. cxb4 Qxb4 24. Rb3 Qxd4 25. Rb7+ Rc7 26. Rxc7+ Kxc7 27. Qa3
Nc8 28. Qxf8 Qxg4 29. Rc1+ 1-0

[Event "I Festival Capo d'Orso"]
[Site "Portomannu - Palau ITA"]
[Date "2007.05.24"]
[Round "7"]
[White "Figus, Maurizio"]
[Black "Glienke, Manfred"]
[Result "0-1"]
[WhiteElo "1919"]
[BlackElo "2312"]
[PlyCount "62"]
[EventDate "2007.05.19"]

1. d4 d5 2. c4 e6 3. Nf3 Nf6 4. g3 Bb4+ 5. Bd2 Be7 6. Bg2 Ne4 7. Nc3 f5 8. Qb3
c6 9. Rc1 O-O 10. e3 Nd7 11. cxd5 exd5 12. Na4 Nxd2 13. Nxd2 Qa5 14. a3 Nf6 15.
Nc3 Qa6 16. Bf1 Qb6 17. Qxb6 axb6 18. Bg2 Ne4 19. Nf3 b5 20. O-O Bd6 21. Rfd1
Re8 22. Ne1 Bd7 23. Nd3 g5 24. Nxe4 fxe4 25. Nc5 Bc8 26. h3 Ra7 27. Rc2 Kg7 28.
Ra1 h5 29. b4 Bf5 30. a4 bxa4 31. Rxa4 Bxc5 0-1

[Event "I Festival Capo d'Orso"]
[Site "Portomannu - Palau ITA"]
[Date "2007.05.24"]
[Round "7"]
[White "Giani, Franco"]
[Black "Ziegler, Ari"]
[Result "0-1"]
[WhiteElo "2023"]
[BlackElo "2335"]
[PlyCount "116"]
[EventDate "2007.05.19"]

1. e3 g6 2. d4 Bg7 3. c4 Nf6 4. Nc3 O-O 5. g3 d5 6. cxd5 Nxd5 7. Bg2 Nxc3 8.
bxc3 c5 9. Ne2 Nc6 10. O-O Qc7 11. Bb2 Rb8 12. Nf4 Rd8 13. Qe2 e5 14. Nd5 Qa5
15. dxc5 Qxc5 16. Rfd1 Be6 17. e4 Na5 18. a4 Nc4 19. Bc1 h6 20. Bf1 Bxd5 21.
exd5 Rbc8 22. Rb1 Nd6 23. Bb2 f5 24. Qc2 e4 25. c4 Re8 26. Bxg7 Kxg7 27. Qb2+
Kf7 28. Qb4 Qxb4 29. Rxb4 Kf6 30. Rc1 Rc5 31. Rb3 g5 32. Kg2 b6 33. Rbc3 g4 34.
Be2 h5 35. h3 Rec8 36. h4 Ke5 37. R3c2 Ra5 38. Ra2 Rxd5 39. a5 bxa5 40. cxd5
Rxc1 41. Rxa5 Re1 42. Ba6 e3 43. fxe3 Rxe3 44. Ra4 Ne4 45. d6 Kxd6 46. Bc8
Rxg3+ 47. Kf1 Rc3 48. Bb7 Nc5 49. Rxa7 Nxb7 50. Rxb7 Ke5 51. Rh7 Ke4 52. Rxh5
f4 53. Ra5 Kf3 54. Ke1 g3 55. Kd2 Rb3 56. h5 g2 57. Rg5 Rb1 58. Kc2 g1=Q 0-1

[Event "I Festival Capo d'Orso"]
[Site "Portomannu - Palau ITA"]
[Date "2007.05.24"]
[Round "7"]
[White "Marin, Irina Luiza"]
[Black "Naumkin, Igor"]
[Result "0-1"]
[WhiteElo "2166"]
[BlackElo "2497"]
[PlyCount "88"]
[EventDate "2007.05.19"]

1. c4 e5 2. g3 Nf6 3. Bg2 d5 4. cxd5 Nxd5 5. Nf3 Nc6 6. O-O Nb6 7. d3 Be7 8.
Nbd2 O-O 9. a3 a5 10. b3 Be6 11. Bb2 f6 12. Qc2 Qd7 13. e3 Bf5 14. Ne4 Bh3 15.
Rfd1 Bxg2 16. Kxg2 Qg4 17. Nc5 Bxc5 18. Qxc5 Rad8 19. Rac1 Rd5 20. Qc2 f5 21.
h3 Qh5 22. Nxe5 Nxe5 23. Bxe5 Rxe5 24. Qxc7 Re6 25. Qxb7 Rh6 26. h4 f4 27. exf4
Nd5 28. Re1 Rg6 29. Kf1 Qf3 30. Kg1 h6 31. h5 Rxg3+ 32. fxg3 Qxg3+ 33. Kh1 Qh3+
34. Kg1 Qg4+ 35. Kh1 Qxh5+ 36. Kg1 Qg4+ 37. Kh1 Qh3+ 38. Kg1 Qg3+ 39. Kh1 Qf3+
40. Kg1 Rxf4 41. Re4 Rf5 42. Qc8+ Kh7 43. Rc2 Rg5+ 44. Kh2 Qg3+ 0-1

[Event "I Festival Capo d'Orso"]
[Site "Portomannu - Palau ITA"]
[Date "2007.05.24"]
[Round "7"]
[White "Marin, Mihail"]
[Black "Steingrimsson, Hedinn"]
[Result "1/2-1/2"]
[WhiteElo "2533"]
[BlackElo "2482"]
[PlyCount "27"]
[EventDate "2007.05.19"]

1. c4 c5 2. Nf3 Nc6 3. g3 g6 4. Bg2 Bg7 5. O-O e6 6. Nc3 Nge7 7. e3 O-O 8. d4
cxd4 9. Nxd4 d5 10. cxd5 Nxd5 11. Nxd5 Nxd4 12. exd4 exd5 13. Qb3 Be6 14. Be3
1/2-1/2

[Event "I Festival Capo d'Orso"]
[Site "Portomannu - Palau ITA"]
[Date "2007.05.24"]
[Round "7"]
[White "Mercandelli, Claudio"]
[Black "Doggers, Peter"]
[Result "0-1"]
[WhiteElo "1988"]
[BlackElo "2247"]
[PlyCount "78"]
[EventDate "2007.05.19"]

1. c4 Nf6 2. g3 g6 3. Bg2 Bg7 4. Nc3 O-O 5. e4 d6 6. Nge2 c5 7. O-O Nc6 8. d3
a6 9. a4 Rb8 10. Rb1 Bd7 11. h3 Ne8 12. Be3 Nc7 13. d4 cxd4 14. Nxd4 Ne6 15.
Nce2 Ncxd4 16. Nxd4 Bxd4 17. Bxd4 Bxa4 18. b3 Nxd4 19. Qxd4 Bd7 20. Rbd1 Qc8
21. Kh2 Bc6 22. b4 b6 23. Rd2 Qb7 24. Rb1 b5 25. cxb5 Qxb5 26. Rdb2 Qb6 27. Qd2
Rfd8 28. f3 d5 29. e5 d4 30. e6 f6 31. h4 Kg7 32. b5 Bxb5 33. f4 Qxe6 34. Re1
Qd6 35. Bh3 e5 36. f5 Re8 37. Bg2 gxf5 38. Rxb5 Rxb5 39. Qf2 e4 0-1

[Event "I Festival Capo d'Orso"]
[Site "Portomannu - Palau ITA"]
[Date "2007.05.24"]
[Round "7"]
[White "Ori, Marco"]
[Black "Simone, Marco"]
[Result "1-0"]
[WhiteElo "2129"]
[BlackElo "1885"]
[PlyCount "155"]
[EventDate "2007.05.19"]

1. e4 e6 2. d4 d5 3. Nd2 c5 4. exd5 exd5 5. Ngf3 Nf6 6. Bb5+ Bd7 7. Bxd7+ Nbxd7
8. O-O Be7 9. dxc5 O-O 10. Nb3 Nxc5 11. Be3 b6 12. c3 Ng4 13. Bd4 Ne6 14. h3
Nxd4 15. Nbxd4 Nf6 16. Nc6 Qc7 17. Nxe7+ Qxe7 18. Nd4 Qd7 19. Qf3 Ne4 20. Rad1
f5 21. Qd3 Rad8 22. Nf3 Qf7 23. Qb5 Rd6 24. Rd4 Rfd8 25. Rfd1 Qb7 26. Ne5 a6
27. Qd3 g6 28. Nf3 b5 29. Qe3 Qe7 30. Qf4 Qf6 31. Qe5 Qxe5 32. Nxe5 Kg7 33. Nd3
a5 34. f3 Nf6 35. Kf2 a4 36. Nb4 Kf7 37. Nc2 Ne8 38. Nb4 Nc7 39. h4 Ke6 40. Nc2
Kd7 41. h5 Kc6 42. hxg6 hxg6 43. Rh4 Kc5 44. Rh7 R8d7 45. Rxd7 Rxd7 46. Re1 Kd6
47. Nd4 Re7 48. Rh1 Kc5 49. Rh6 Rg7 50. Ke3 Kc4 51. Nxf5 d4+ 52. Nxd4 a3 53.
Kd2 axb2 54. Kc2 b4 55. Ne2 b1=Q+ 56. Kxb1 bxc3 57. Kc2 Nd5 58. Rh4+ Kc5 59.
Nxc3 Ne3+ 60. Kd2 Nxg2 61. Rg4 Rb7 62. Na4+ Kb5 63. Rxg2 Kxa4 64. Rxg6 Ka3 65.
Ra6+ Kb4 66. Ke3 Kb5 67. Rd6 Ra7 68. Rd2 Ra4 69. f4 Kc6 70. Kf3 Kc5 71. Kg4 Kc4
72. Kg5 Kc3 73. Rf2 Kd3 74. f5 Ke3 75. Rh2 Ra5 76. Kg6 Kf4 77. f6 Kg3 78. Rb2
1-0

[Event "I Festival Capo d'Orso"]
[Site "Portomannu - Palau ITA"]
[Date "2007.05.24"]
[Round "7"]
[White "Pantaleoni, Claudio"]
[Black "Kosov, Igor"]
[Result "1-0"]
[WhiteElo "2219"]
[BlackElo "1717"]
[PlyCount "127"]
[EventDate "2007.05.19"]

1. d4 Nf6 2. c4 g6 3. Nc3 Bg7 4. e4 d6 5. Be2 O-O 6. Bg5 e5 7. dxe5 dxe5 8.
Qxd8 Rxd8 9. Nd5 Nxd5 10. Bxd8 Nf4 11. O-O-O Ne6 12. Bh4 Nc6 13. Kb1 Ncd4 14.
f3 Nf4 15. Bf1 a5 16. Bf2 a4 17. Bxd4 exd4 18. Ne2 Nxe2 19. Bxe2 a3 20. b3 Be6
21. f4 g5 22. g3 h6 23. h4 g4 24. Bd3 h5 25. e5 c5 26. Rde1 Re8 27. Kc2 Bf8 28.
Rhf1 Kg7 29. Rf2 b6 30. Rfe2 Bd7 31. Kd2 Kh6 32. Rf1 Kg7 33. Ke1 Kg8 34. Kf2
Bh6 35. Rfe1 Kg7 36. e6 Rxe6 37. Rxe6 fxe6 38. Re5 Kf6 39. Rxh5 Bg7 40. Rg5 Kf7
41. Rxg4 e5 42. Rxg7+ Kxg7 43. fxe5 Bg4 44. Be2 Bf5 45. Bd1 Bb1 46. Ke2 d3+ 47.
Kd2 Bxa2 48. Kxd3 Bb1+ 49. Kc3 Kf7 50. Bg4 Ke7 51. Bc8 Kd8 52. Bb7 Ke7 53. g4
Ke6 54. Bc8+ Kxe5 55. Bf5 Bxf5 56. gxf5 Kxf5 57. Kc2 Kg4 58. Kb1 Kxh4 59. Ka2
Kg4 60. Kxa3 Kf4 61. Ka4 Ke4 62. Kb5 Ke5 63. Kxb6 Kd4 64. Kb5 1-0

[Event "I Festival Capo d'Orso"]
[Site "Portomannu - Palau ITA"]
[Date "2007.05.24"]
[Round "7"]
[White "Rombaldoni, Axel"]
[Black "Russo, Carmelo"]
[Result "1-0"]
[WhiteElo "2221"]
[BlackElo "1665"]
[PlyCount "63"]
[EventDate "2007.05.19"]

1. e4 c6 2. d4 d5 3. e5 Bf5 4. Nd2 Qa5 5. c3 Nd7 6. b4 Qc7 7. f4 e6 8. g4 Bg6
9. Bg2 Be7 10. Qf3 Bc2 11. a4 Bh4+ 12. Kf1 Qb6 13. Qe2 Qa6 14. Qxa6 bxa6 15.
Ke2 h6 16. Ra2 Bh7 17. Ngf3 Bd8 18. a5 g5 19. Nf1 f5 20. h3 fxg4 21. hxg4 Be4
22. fxg5 Nf8 23. gxh6 Ng6 24. Ng3 Bxf3+ 25. Bxf3 Nh4 26. g5 Nxf3 27. Kxf3 Kf7
28. Kg4 Kg6 29. Rf2 Be7 30. Ne2 Nxh6+ 31. gxh6 Kh7 32. Rf7+ 1-0

[Event "I Festival Capo d'Orso"]
[Site "Portomannu - Palau ITA"]
[Date "2007.05.24"]
[Round "7"]
[White "Schaefer, Michael"]
[Black "Bitti, Sandro"]
[Result "1-0"]
[WhiteElo "2228"]
[BlackElo "1719"]
[PlyCount "105"]
[EventDate "2007.05.19"]

1. d4 d5 2. c4 e6 3. Nf3 Nf6 4. g3 c6 5. Bg2 dxc4 6. Ne5 Bd6 7. Nxc4 Bb4+ 8.
Bd2 Bxd2+ 9. Qxd2 O-O 10. O-O Nbd7 11. Rd1 Nb6 12. Nba3 Nfd5 13. Ne5 f5 14. e3
Rf6 15. Nc2 Rh6 16. Ne1 Qe8 17. N1f3 Qh5 18. h4 Nd7 19. Ng5 Nxe5 20. dxe5 Qe8
21. e4 fxe4 22. Bxe4 Bd7 23. b4 a6 24. Rab1 Qb8 25. f4 Be8 26. Rb3 Bh5 27. Re1
Bg4 28. Qf2 Qa7 29. Qxa7 Rxa7 30. a4 Ra8 31. b5 axb5 32. axb5 c5 33. Rd3 c4 34.
Rd4 c3 35. Rc4 Rd8 36. Kf2 Bf5 37. Kf3 Kf8 38. Ra1 b6 39. Ra7 Bxe4+ 40. Nxe4
Rg6 41. Nxc3 h5 42. Ne4 Kg8 43. Nd6 Rh6 44. Nf7 Rb8 45. Nxh6+ gxh6 46. Rca4 Re8
47. Ra8 Kf8 48. Rxe8+ Kxe8 49. Rc4 Kd7 50. Rc6 Ke7 51. Ke4 Kd7 52. Rd6+ Ke7 53.
Rxd5 1-0

[Event "I Festival Capo d'Orso"]
[Site "Portomannu - Palau ITA"]
[Date "2007.05.24"]
[Round "7"]
[White "Shytaj, Luca"]
[Black "Matamoros Franco, Carlos S."]
[Result "1-0"]
[WhiteElo "2451"]
[BlackElo "2523"]
[PlyCount "75"]
[EventDate "2007.05.19"]

1. e4 e6 2. d4 d5 3. Nc3 Nf6 4. e5 Nfd7 5. f4 c5 6. Nf3 Nc6 7. Ne2 Qb6 8. c3 f6
9. a3 Be7 10. h4 O-O 11. Rh3 a5 12. b3 Qd8 13. Neg1 cxd4 14. cxd4 f5 15. Ng5
Bxg5 16. hxg5 g6 17. Nf3 a4 18. Kf2 Nb6 19. Bd2 Bd7 20. Bb5 Na7 21. bxa4 Rf7
22. Qb3 Nxa4 23. Bxa4 b5 24. Bxb5 Bxb5 25. a4 Bc4 26. Qa3 Nc6 27. Rhh1 Rb7 28.
Rhb1 Rxb1 29. Rxb1 Rb8 30. Rxb8 Qxb8 31. Qc5 Qb7 32. Qd6 Kf7 33. Bc1 Qc8 34.
Ba3 Bb3 35. a5 Nxa5 36. Qb6 Qa8 37. Qc7+ Kg8 38. Qd7 1-0

[Event "I Festival Capo d'Orso"]
[Site "Portomannu - Palau ITA"]
[Date "2007.05.24"]
[Round "7"]
[White "Venturino, Marco"]
[Black "Biedekoepper, Robert"]
[Result "1-0"]
[WhiteElo "2173"]
[BlackElo "2152"]
[PlyCount "119"]
[EventDate "2007.05.19"]

1. d4 Nf6 2. c4 c5 3. d5 e6 4. Nc3 exd5 5. cxd5 d6 6. Nf3 g6 7. g3 Bg7 8. Bg2
O-O 9. O-O a6 10. a4 Re8 11. h3 Nbd7 12. Bf4 Qc7 13. Re1 Nh5 14. Bd2 Ne5 15.
Nxe5 Bxe5 16. Qc1 f5 17. Nd1 Bd7 18. a5 Bb5 19. Bc3 Qg7 20. Bxe5 Rxe5 21. Nc3
Rae8 22. Bf3 Nf6 23. Nxb5 axb5 24. a6 Ra8 25. axb7 Qxb7 26. Rxa8+ Qxa8 27. Qa1
Qxa1 28. Rxa1 Ne4 29. Rd1 Ng5 30. Kg2 Kf7 31. e3 Nxf3 32. Kxf3 g5 33. g4 Kf6
34. gxf5 Rxf5+ 35. Kg3 Ke5 36. f3 h5 37. Rd2 Rf7 38. Rd1 Ra7 39. h4 Rg7 40.
hxg5 Rxg5+ 41. Kf2 Rg8 42. e4 Kf4 43. Rh1 Rh8 44. Rg1 Rh6 45. Rg8 Rf6 46. Rh8
Kg5 47. Ke3 Kg6 48. f4 Rf7 49. e5 dxe5 50. fxe5 Rf1 51. Rg8+ Kf7 52. Rh8 Re1+
53. Kf4 Rb1 54. e6+ Kf6 55. Rf8+ Ke7 56. Rf7+ Ke8 57. Ke5 c4 58. d6 Re1+ 59.
Kd5 Rd1+ 60. Kc6 1-0

[Event "I Festival Capo d'Orso"]
[Site "Portomannu - Palau ITA"]
[Date "2007.05.24"]
[Round "7"]
[White "Zoldan, Matteo"]
[Black "Scotta, Piergiorgio"]
[Result "1-0"]
[WhiteElo "2121"]
[BlackElo "1613"]
[PlyCount "47"]
[EventDate "2007.05.19"]

1. e4 g6 2. d4 Bg7 3. c4 d6 4. Nc3 Nc6 5. Be3 e5 6. Nge2 Nf6 7. f3 exd4 8. Nxd4
Bd7 9. Qd2 Nxd4 10. Bxd4 Bc6 11. O-O-O a6 12. Kb1 Qe7 13. Bd3 h5 14. Rhe1 O-O-O
15. Nd5 Bxd5 16. exd5 Qf8 17. Qc3 Ne8 18. Rxe8 Qxe8 19. Bxg7 Rg8 20. Bf6 Rd7
21. Re1 Qf8 22. Bc2 c6 23. Ba4 b5 24. cxb5 1-0

[Event "I Festival Capo d'Orso"]
[Site "Portomannu - Palau ITA"]
[Date "2007.05.25"]
[Round "8"]
[White "Adrian, Claude"]
[Black "Dehmel, Jens"]
[Result "1-0"]
[WhiteElo "2280"]
[BlackElo "2107"]
[PlyCount "48"]
[EventDate "2007.05.19"]

1. Nf3 d5 2. d4 Nf6 3. c4 c6 4. Nc3 e6 5. g3 Nbd7 6. Bg2 dxc4 7. O-O b5 8. e4
Bb7 9. e5 Nd5 10. Ng5 Be7 11. Qh5 g6 12. Qh6 Bf8 13. Qh3 Be7 14. Qh6 Bf8 15.
Qh3 Be7 16. Nce4 Qb6 17. Be3 Qc7 18. Rac1 Rc8 19. Nxh7 Nxe5 20. dxe5 Qxe5 21.
Bc5 Qg7 22. Bxe7 Rxh7 23. Bf6 Nxf6 24. Nxf6+ Qxf6 1-0

[Event "I Festival Capo d'Orso"]
[Site "Portomannu - Palau ITA"]
[Date "2007.05.25"]
[Round "8"]
[White "Carola, Paolo"]
[Black "Pantaleoni, Claudio"]
[Result "0-1"]
[WhiteElo "1960"]
[BlackElo "2219"]
[PlyCount "54"]
[EventDate "2007.05.19"]

1. e4 e5 2. Nf3 Nc6 3. d4 exd4 4. Nxd4 Nf6 5. Nc3 Bb4 6. Nxc6 bxc6 7. Bd3 O-O
8. O-O d5 9. exd5 cxd5 10. Bg5 c6 11. Qf3 Bd6 12. h3 Rb8 13. Ne2 Be5 14. c3
Rxb2 15. Nd4 Qd6 16. Rfe1 h6 17. Bc1 Rb6 18. a4 Re8 19. Kh1 Bd7 20. Ra2 Ne4 21.
Bxe4 dxe4 22. Rxe4 Rb1 23. Re1 Bxd4 24. Rd1 Qe6 25. Rad2 Bf6 26. Rxd7 Rxc1 27.
Rxc1 Qxd7 0-1